Film dont le titre commence par un S (2) - Version facile - Statistiques

Statistiques générales
  • Ce quiz a été pris 10 fois
  • Le résultat moyen est 8 sur 30
Statistiques - réponses
Année Réalisateur Genre 1 acteur ou
1 actrice
Titre Indice facile % Correct
2015 Ridley Scott Science fiction Matt Damon Seul sur Mars Seul
78%
1995 Clint Eastwood Comédie dramatique Meryl Streep Sur la route de Madison route
78%
1977 George Lucas Science fiction Mark Hamill Star Wars *
67%
1989 David Lynch Comédie dramatique Laura Dern Sailor et Lula et
56%
1955 Billy Wilder Comédie Marilyn Monroe Sept ans de réflexion ans
44%
1960 Stanley Kubrick Peplum Kirk Douglas Spartacus *
44%
2014 Dany Boon Comédie Kad Merad Supercondriaque *
44%
1971 Serge Korber Comédie Louis de Funès Sur un arbre perché arbre
44%
1996 Wes Craven Epouvante Neve Campbell Scream *
33%
1975 Jacques Rouffio Drame psychologique Michel Piccoli Sept morts sur ordonnance morts
33%
1953 Sacha Guitry Historique Jean Marais Si Versailles m'était conté Si
33%
1997 Jim Gillespie Epouvante Jennifer Love Hewitt Souviens toi l'été dernier été
33%
1994 David Carson Science fiction Patrick Stewart Star Trek Générations Générations
33%
2009 Olivier Barroux Comédie Kad Merad Safari *
22%
1921 Max Linder Comédie Max Linder Sept ans de malheur ans
22%
1979 Alain Corneau Drame psychologique Patrick Dewaere Série noire *
22%
1998 John Madden Comédie dramatique Joseph Fiennes Shakespeare in love love
22%
1973 Yves Robert Comédie Marcello Mastroianni Salut l'artiste Salut
11%
1996 René Manzor Policier Jean Reno Seven *
11%
2016 Tommy Wirkola Science fiction Noomi Rapace Seven Sisters *
11%
1956 Christian-Jaque Aventures Jean-Louis Trintignant Si tous les gars du monde gars
11%
1969 Gilles Grangier Drame Jean Gabin Sous le signe du taureau signe
11%
1960 Sergio Grieco Peplum Jeanne Valerie Salammbo *
0%
1969 Federico Fellini Historique Martin Potter Satyricon *
0%
1993 Simon Wincer Aventures Jason James Richter Sauvez Willy *
0%
1956 Pierre Chenal Policier Maurice Ronet Section des disparus
0%
1962 Luciano Ricci Peplum Lang Jeffries Seul contre Rome Seul
0%
1961 Luis Lucia Musical Luis Mariano Sous le ciel d'Andalousie ciel
0%
1996 Jonathan Frakes Science fiction Patrick Stewart Star Trek Premier contact contact
0%
1974 Alain Resnais Politique Jean-Paul Belmondo Stavisky *
0%
Aucun quiz correspondant
Distribution des résultats
% des personnes avec chaque résultat
Percentile par nombre de réponses
Votre historique - résultats
Vous n’avez pas pris ce quiz